• 首页
  • 本馆介绍
  • 公告通知
  • 最新文献
  • 馆藏检索
  • 电子资源
  • 读者导购
  • 参考咨询
  • 我的图书馆
  • 登录
  • 详细信息显示
  • 放入我的书架
  • 预约/预借图书
  • 作者相关作品
  • 分类相关作品
  • 丛书相关作品
  • 出版社相关作品

书目信息

  • 表格格式
  • 工作单格式
  • 卡片格式
题名:
腐植酸类肥料的生产和施用
    
 
作者: ;山西省化肥农药研究所 编
分册:  
出版信息: 北京   石油化学工业出版社  1975
页数: 86页
开本: 19cm
丛书名:
单 册:
中图分类: TQ440.2
科图分类:
主题词: 有机肥料 , 化学肥料 , 肥料工业
电子资源:
ISBN:
000 00704nam0 2200241 45
001 0175002729
005 20061123091201.75
010    @dCNY0.23
100    @a19951012d1975 em y0chiy0121 ea
101 0  @achi
102    @aCN@b110000
105    @ay z 000yy
200 10 @a腐植酸类肥料的生产和施用@Afu zhi suan lei fei liao de sheng chan he shi yong@f山西省化肥农药研究所编
210    @a北京@c石油化学工业出版社@d1975
215    @a86页@d19cm
606    @a有机肥料
606 0  @a化学肥料
606 0  @a肥料工业
690    @aTQ440.2@v3
711 02 @a山西省化肥农药研究所@Ashan xi sheng hua fei nong yao yan jiu suo@4编
801  2 @aCN@bNLC@c20061123
801  0 @aCN@bTSSF
905    @a10447@dTQ440.2@e9
    
    腐植酸类肥料的生产和施用/山西省化肥农药研究所编.-北京:石油化学工业出版社,1975
    86页;19cm
    
    
    ISBN :CNY0.23
    
●
相关链接 在E读中查询图书 在五车中查询图书 在当当中查询图书 在豆瓣中查询图书


正题名:腐植酸类肥料的生产和施用     索取号:TQ440.2/9         预约/预借

序号 登录号 条形码 馆藏地/架位号 状态 备注
1 0017942   001647481   第二样本阅览室/ [索取号:TQ440.2/9] 在馆    
唐山师范学院图书馆 欢迎您!
大连网信软件有限公司© 版权所有